00329nam a22001217a 4500020000800000040001600008082001500024100002100039245004700060250001200107260004900119300003900168 qPB. cFIZZA ISHAQ a006.7bVAU a Vaughan , Tay.  aMultimedia: Making it Work /cTay Vaughan. a7th ED. aNew York:bMcGraw-Hill Osborne Media,c2008. a514 P. ;c8.5 x 0.71 x 10.8 inches